000 00687nam a2200241Ia 4500
003 OSt
005 20220927105157.0
006 a|||||r|||| 00| 0
007 ta
008 220926b |||||||| |||| 00| 0 eng d
024 _a186757
037 _cReference Collections
040 _aRTL
_cRTL
_beng
041 _2eng
_aeng
082 _a"X9(J481).2.N86<N85r, M6/GD"
110 _aCOFFEE BOARD
_9370686
245 0 _a39th annual report 1985-86.
260 _aBangalore
_bCB
_c1986
300 _a296p.
_ccm.
700 _aCOFFEE BOARD
_9370687
942 _h"X9(J481).2.N86<N85r, M6/GD"
_cCC
999 _c691021
_d691021